Innovation performance, learning, and government policy : selected essays /

Bibliographic Details
Main Author: Teubal, Morris
Format: Book
Language:English
Published: Madison, Wis. : University of Wisconsin Press, 1987.
Series:Economics of technological change.
Subjects:

MARC

Tag First Indicator Second Indicator Subfields
LEADER 00000cam a2200000 a 4500
001 in00000008427
005 20151003060012.0
008 861230s1987 wiua b s00110 eng
010 |a  86040448  
020 |a 029910950X :  |c $35.00 
035 |a (OCoLC)15083698 
035 |9 AAA0816AM 
040 |a DLC  |c DLC  |d TXA  |d UtOrBLW 
050 0 0 |a HC79.T4  |b T485 1987 
082 0 |a 338/.06  |2 19 
100 1 |a Teubal, Morris. 
245 1 0 |a Innovation performance, learning, and government policy :  |b selected essays /  |c Morris Teubal. 
264 1 |a Madison, Wis. :  |b University of Wisconsin Press,  |c 1987. 
300 |a xvi, 308 pages :  |b illustrations ;  |c 24 cm. 
336 |a text  |b txt  |2 rdacontent 
337 |a unmediated  |b n  |2 rdamedia 
338 |a volume  |b nc  |2 rdacarrier 
490 1 |a The Economics of technological change 
504 |a Includes bibliographies and index. 
650 0 |a Technological innovations  |x Economic aspects. 
650 0 |a Technology and state. 
830 0 |a Economics of technological change. 
999 |a MARS 
999 f f |s c0d40df3-4505-3f69-b2dd-f734a5a807b5  |i 6070b95a-0229-3d9e-b2af-e86ff293037e  |t 0 
952 f f |p ric  |a Texas A&M University  |b Rellis Campus  |c Joint Library Facility  |d Remote Storage  |t 0  |e HC79.T4 T485 1987  |h Library of Congress classification  |i unmediated -- volume  |m A14811007012 
998 f f |a HC79.T4 T485 1987  |t 0  |l Remote Storage